Harry Potter commençant par Q-R par images - Statistiques

Statistiques générales
  • Ce quiz a été pris 234 fois
  • Le résultat moyen est 15 sur 20
Statistiques - réponses
Par images Hint Réponse % Correct
Sport {Quidditch}
100%
Personnage {Ron} Weasley
100%
Personnage Severus {Rogue}
99%
Personnage {Remus} Lupin
97%
Sort de réparation {Reparo}
94%
Personnage Argus {Rusard}
92%
Trois artefacts magiques {Reliques} {de} {la} {mort}
89%
Personnage {Rubeus} Hagrid
89%
Sort contre un épouventard {Riddikulus}
85%
Objet magique {Retourneur} {de} {temps}
84%
Personnage {Rita} Skeeter
82%
Personnage {Rowena} Serdaigle
82%
Personnage {Quirinus} {Quirrel}
76%
Surnom {Queudver}
67%
Objet magique {Rapeltout}
65%
Sort de révélation {Revelio}
63%
Personnage {Rose} Granger-Weasley
58%
Personnage Stan {Rocade}
46%
Sort de destruction {Reducto}
43%
Propriétaire des Trois Balais {Rosmerta}
35%
Aucun quiz correspondant
Distribution des résultats
% des personnes avec chaque résultat
Percentile par nombre de réponses
Votre historique - résultats
Vous n’avez pas pris ce quiz